Wandel der Jugendhilfe - Mehr als nur ein Wort? Anmerkungen zur Lebensweltorientierung
| 1. VerfasserIn: | |
|---|---|
| Medienart: | Druck Aufsatz |
| Sprache: | Deutsch |
| Veröffentlicht: |
1993
|
| In: |
Neue Praxis
Jahr: 1993, Band: 23, Heft: 1/2, Seiten: 42-62 |
| Bestand in Tübingen: | In Tübingen vorhanden. IFK: 8099 |
| Verfügbarkeit prüfen: | HBZ Gateway |
| Schlagwörter: |
MARC
| LEADER | 00000caa a22000002c 4500 | ||
|---|---|---|---|
| 001 | 1639432272 | ||
| 003 | DE-627 | ||
| 005 | 20220608125027.0 | ||
| 007 | tu | ||
| 008 | 160223s1993 xx ||||| 00| ||ger c | ||
| 035 | |a (DE-627)1639432272 | ||
| 035 | |a (DE-576)455864047 | ||
| 035 | |a (DE-599)BSZ455864047 | ||
| 040 | |a DE-627 |b ger |c DE-627 |e rakwb | ||
| 041 | |a ger | ||
| 100 | 1 | |a Wolffersdorff, Christian von |4 aut | |
| 245 | 1 | 0 | |a Wandel der Jugendhilfe - Mehr als nur ein Wort? Anmerkungen zur Lebensweltorientierung |c Christian von Wolffersdorff |
| 264 | 1 | |c 1993 | |
| 336 | |a Text |b txt |2 rdacontent | ||
| 337 | |a ohne Hilfsmittel zu benutzen |b n |2 rdamedia | ||
| 338 | |a Band |b nc |2 rdacarrier | ||
| 773 | 0 | 8 | |i In |t Neue Praxis |d Lahnstein : Verl. Neue Praxis, 1971 |g 23(1993), 1/2, Seite 42-62 |w (DE-627)129289388 |w (DE-600)120196-7 |w (DE-576)014470780 |x 0342-9857 |7 nnas |
| 773 | 1 | 8 | |g volume:23 |g year:1993 |g number:1/2 |g pages:42-62 |
| 935 | |a mkri | ||
| 951 | |a AR | ||
| ELC | |b 1 | ||
| LOK | |0 000 xxxxxcx a22 zn 4500 | ||
| LOK | |0 001 3300028175 | ||
| LOK | |0 003 DE-627 | ||
| LOK | |0 004 1639432272 | ||
| LOK | |0 005 20160223095423 | ||
| LOK | |0 008 160208||||||||||||||||ger||||||| | ||
| LOK | |0 040 |a DE-21-110 |c DE-627 |d DE-21-110 | ||
| LOK | |0 689 |a s |a Lebensweltorientierung | ||
| LOK | |0 689 |a s |a Entwicklung | ||
| LOK | |0 689 |a s |a Jugendhilfe | ||
| LOK | |0 852 |a DE-21-110 | ||
| LOK | |0 852 1 |c 8099 |m p |9 00 | ||
| LOK | |0 935 |a k110 | ||
| LOK | |0 938 |k p | ||
| LOK | |0 939 |a 08-02-16 |b l01 | ||
| ORI | |a SA-MARC-krimdoka001.raw | ||
| SIG | |a IFK: 8099 | ||
